Statistics for World Countries - What's in a Name?

Click here to take the quiz!

General Stats

  • This quiz has been taken 46 times
  • The average score is 8 of 20

Answer Stats

HintAnswer% Correct
1) Once used as an anesthetic = EtherNetherlands
77%
9) The Other = ElandIceland
62%
8) Name 2 Countries that contain the largest Antelope = ElandIreland
62%
5) Contains the African Country = MaliSomalia
59%
4) The Beautiful waterfowl = SwanBotswana
51%
17) A county on the Arabian Peninsular = OmanRomania
51%
15) A lake in Sumatra occupying the caldera of a supervolcano = TobaTrinidad and Tobago
51%
14) A thin stick carried by a Magician or Fairy = WandRwanda
49%
11) A simple shelter or shed = HutBhutan
46%
13) An ugly old nagging woman = CroneMicronesia
46%
7) As the Beatles sang "All you need is ......" = LoveSlovenia
41%
10) Highest active volcano in Europe = EtnaVietnam
38%
18) The opposite of 'Sad' = GladBangladesh
26%
19) A ladies name and a Movie 'Educating' = RitaMauritania
26%
6) God made Eve out of Adam's = RibKiribati
21%
2) Two Countries names that include = TenMontenegro
21%
20) A Primate that lacks a Tail = ApeCape Verde
18%
16) There are Trillions and our Sun is one = StarCosta Rica
18%
3) The other = TenLiechtenstein
18%
12) A corned / smoked leg of Pork (Bacon) = HamBahamas
13%

Score Distribution

Percentile by Number Answered

Percent of People with Each Score

Your Score History

You have not taken this quiz